|
|
|
|
| LEADER |
01165nam a2200265 a 4500 |
| 008 |
091205s1990 bg f000 0 eng d |
| 010 |
|
|
|a 90904164
|
| 020 |
|
|
|c Tk150.00
|
| 040 |
|
|
|a DLC
|c DLC
|d DLC
|
| 082 |
0 |
0 |
|a 333.1/0954
|2 20
|
| 100 |
1 |
|
|a Mitra, Ashok.
|
| 245 |
1 |
0 |
|a Stagnation, agrarian structure, and credit /
|c Ashok Mitra.
|
| 260 |
|
|
|a Dhaka :
|b Bangladesh Institute of Development Studies :
|b University Press,
|c 1990.
|
| 300 |
|
|
|a 64 p. ;
|c 22 cm.
|
| 500 |
|
|
|a "Daniel Thorner memorial lecture series."
|
| 500 |
|
|
|a Study with reference to India.
|
| 541 |
1 |
|
|e 00004001
|
| 650 |
|
0 |
|a Land tenure
|z India.
|
| 650 |
|
0 |
|a Agriculture
|x Economic aspects
|z India.
|
| 650 |
|
0 |
|a Agricultural credit
|z India.
|
| 740 |
0 |
|
|a Daniel Thorner memorial lecture series.
|
| 852 |
4 |
|
|a Ayesha Abed Library
|j General Shelf.
|
| 999 |
|
|
|c 6025
|d 6025
|
| 952 |
|
|
|0 0
|1 0
|2 ddc
|4 0
|6 333_109540000000000_MIT_1990
|7 0
|9 6011
|a BRACUL
|b BRACUL
|c GEN
|d 2009-12-07
|g 150.00
|l 0
|o 333.10954 MIT
|p 3010004001
|r 2009-12-07
|t 1
|w 2009-12-07
|y BK
|
| 952 |
|
|
|0 0
|1 0
|2 ddc
|4 0
|6 333_100000000000000_0954_MIT
|7 0
|9 54166
|a SCL
|b SCL
|c GEN
|d 2015-06-09
|g 150.00
|l 0
|o 333.10954 MIT
|p 3020000582
|r 2015-06-09
|t 2
|w 2015-06-09
|y BK
|